01581nam a2200301 i 4500003000900000005001700009006001900026007000300045008004100048020001800089040003000107082001900137100004700156245016400203250001300367264003600380300007000416336002700486337003300513338002800546500005700574504004100631505038400672650005901056650003201115700004401147710008801191DO-SdBNP20240618095444.0a||||gr|||| 00| 0 ta240614e2023 dr aoc|| ||||o00| 0 spa d a9789945623055 aDO-SdBNPbspacBNPHUerda 4222bG216g 20231 aGarcía Gómez, Martha Victoria eautora10aGuía de protocolo institucional y normas sociales /cMartha Victoria García Gómez, cuidado de la edición y corrección, Enrique Soldevilla Enríquez. aampliada 1aSanto Domingo :bINESDYC,c2023 a222 páginas :bilustraciones, fotografías, retratos ;c27 cm. 2rdacontentatextobtxt 2rdamediaasin mediaciónbn 2rdacarrieravolumenbnc aIncluye bibliografías y notas al pie de páginas. aBibliografía: páginas 219 - 220. aNotas preliminares.-- Introducción.tCapítulo I. Protocolo en la Oficina.-- tCapítulo II. La Correspondencia.-- tCapítulo III. Las Tarjetas.--tCapítulo IV. Protocolo en las Actividades Socioculturales.--tCapítulo V. Organización de Eventos--tCapítulo VI. Las Mesa, Centro de la Relación Social.--tCapítulo VII. Las Bebidas.--tBibliografía.--tAnexos. 4aEtiqueta DiplomáticaxGuíazRepública Dominicana 4aEtiqueta en la MesaxGuía1 aSoldevilla Enríquez, Enrique,eeditor1 aInstituto de Educación Superior en Formación Diplomática y Consular (INESDYC)